"Szeged híres város" városszeretet ma /
Elmentve itt :
| Szerző: | |
|---|---|
| Dokumentumtípus: | Cikk |
| Megjelent: |
1966-09-02
|
| Sorozat: | Délmagyarország
56 No. 207 |
| Kulcsszavak: | Szeged története 1966, településtörténet |
| Online Access: | http://dmarchiv.bibl.u-szeged.hu/64055 |
| LEADER | 00496nab a2200157 i 4500 | ||
|---|---|---|---|
| 001 | delm64055 | ||
| 005 | 20180927151328.0 | ||
| 008 | 180927s1966 hu o 0|| hun d | ||
| 040 | |a SZTE Délmagyarország Archívum |b hun | ||
| 041 | |a hun | ||
| 100 | 1 | |a Siklós János | |
| 245 | 1 | 0 | |a "Szeged híres város" |h [elektronikus dokumentum] : |b városszeretet ma / |c Siklós János |
| 260 | |c 1966-09-02 | ||
| 300 | |a 3 | ||
| 490 | 0 | |a Délmagyarország |v 56 No. 207 | |
| 695 | |a Szeged története 1966, településtörténet | ||